Role of taxation law and tax culture in increasing tax compliance: A critical study (Record no. 394213)
[ view plain ]
| 000 -LEADER | |
|---|---|
| fixed length control field | 00473nam a22001577a 4500 |
| 005 - DATE & TIME | |
| control field | 20251202113511.0 |
| 008 - FIXED-LENGTH DATA ELEMENTS--GENERAL INFORMATION | |
| fixed length control field | 251202b |||||||| |||| 00| 0 eng d |
| 040 ## - CATALOGING SOURCE | |
| Original cataloging agency | VIVEKANANDA LIBRARY |
| 082 ## - DDC NUMBER | |
| Classification number | 343.04 |
| Book Number | S23R |
| 100 ## - MAIN ENTRY--PERSONAL NAME | |
| Personal name | Sharma, Ritu Singh |
| 245 ## - TITLE STATEMENT | |
| Title | Role of taxation law and tax culture in increasing tax compliance: A critical study |
| 260 ## - PUBLICATION, DISTRIBUTION, ETC. (IMPRINT) | |
| Name of publisher, distributor, etc | MDU Centre for Professional and Allied Studies, Gurugram |
| Date of publication, distribution, etc | 2024 |
| 300 ## - PHYSICAL DESCRIPTION | |
| Pages | viii, 96 |
| 700 ## - Added Entry Personal Name | |
| Added Entry Personal Name | Om Prabha |
| 942 ## - ADDED ENTRY ELEMENTS (KOHA) | |
| Koha item type | Thesis |
No items available.
